Xung quanh chính sách phát triển ngành công nghiệp ô tô ở Việt Nam /
Gardado en:
| Autor Principal: | |
|---|---|
| Formato: | Artigo |
| Idioma: | Vietnamese |
| Những chủ đề: | |
| Các nhãn: |
Engadir etiqueta
Sen Etiquetas, Sexa o primeiro en etiquetar este rexistro!
|
| Thư viện lưu trữ: | Thư viện Trường Đại học Đà Lạt |
|---|
| LEADER | 00810nam a2200265 4500 | ||
|---|---|---|---|
| 001 | DLU100108785 | ||
| 005 | ##20100604 | ||
| 040 | # | # | |a DLU |b vie |
| 041 | # | # | |a vie |
| 044 | # | # | |a vn |
| 100 | # | # | |a Nguyễn Tiến Dũng, |c ThS. |
| 245 | # | # | |a Xung quanh chính sách phát triển ngành công nghiệp ô tô ở Việt Nam / |c Nguyễn Tiến Dũng. |
| 653 | # | # | |a Công nghệ chế tạo |
| 653 | # | # | |a Công nghiệp hóa |
| 653 | # | # | |a Cơ khí chính xác |
| 773 | # | # | |t Giáo dục lý luận |g Số2(131), 2008, tr. 51-56 |
| 920 | # | # | |a Phòng Tạp chí -- Trung tâm Thông tin - Thư viện Trường Đại học Đà Lạt |
| 994 | # | # | |a DLU |
| 900 | # | # | |a True |
| 911 | # | # | |a Nguyễn Thị Linh Chi |
| 925 | # | # | |a G |
| 926 | # | # | |a A |
| 927 | # | # | |a BB |
| 980 | # | # | |a Thư viện Trường Đại học Đà Lạt |